000 00524nam a22001937a 4500
003 OSt
005 20140310181804.0
008 130704t xxu||||| |||| 00| 0 eng d
020 _a0198612508
050 _aPE 1106
_b.G798 1996
082 _aREF 425
_bG829 1996
245 _aThe Oxford English grammar
_cGreenbaum, Sidney
260 _aNew York
_bOxford University Press
_cc1996.
300 _axv, 652 p., ;
_c25 cm.
521 _aBasic Ed. Students
541 _j1
562 _e1
942 _2lcc
_cBK-GR
_kREF
999 _c3742
_d3742